000 00842nam a2200217 4500
005 20260103154646.0
008 260102b |||||||| |||| 00| 0 eng d
020 _a9788195770359
041 _aEnglish
082 _a170
_bGAU
100 _aGaur R. R.
_9213236
245 _aTeacher's Manual for a Foundation Course in Human Values and Professional Ethics
250 _a3rd
260 _aDelhi
_bUHV Publications
_c2023
300 _a180
365 _b249.00
_cRS.00
520 _aModule 1 Introduction to Value Education Module 2 Harmany in the Human Being Module 3 Harmany in the Family and Society Module 4 Harmany in the Nature (Existence) Module 5 Implications of the Holistic Understanding – A Look at Professional Ethics
650 _aEthics
_9216143
700 _aAsthana R.
_aBagaria G. P.
_9216144
942 _cBK
999 _c369668
_d369668